Cooling techniques for electronic equipment /

Guardado en:
Autor Principal: Steinberg, Dave S., 1923-
Formato: Libro
Idioma:English
Publicado: New York : Wiley, c1980.
Materias:
Acceso en línea:Descripción
Tabla de contenido
Etiquetas: Agregar Etiqueta
Sin Etiquetas, Sea el primero en etiquetar este registro!
LEADER 00896pam a22002415a 4500
001 EIQ.libpla003810
008 800401s1980####nyuao#########001#0#eng#d
005 20080319182851.0
245 1 0 |a Cooling techniques for electronic equipment /  |c Dave S. Steinberg. 
260 |a New York :  |b Wiley,  |c c1980. 
300 |a xxi, 370 p. :  |b il., fotos ;  |c 24 cm. 
500 |a "A Wiley-Interscience publication." 
500 |a Incluye índice. 
020 |a 0471044032 
100 1 |a Steinberg, Dave S.,  |d 1923- 
082 0 0 |a 621.381 
650 4 |a Electrónica  |x Refrigerante. 
650 4 |a Electronics  |x Refrigerants. 
010 |a  80014141  
040 |a DLC  |c DLC  |d AR-BbSID 
856 4 2 |3 Descripción  |u http://www.loc.gov/catdir/enhancements/fy0607/80014141-d.html 
856 4 1 |3 Tabla de contenido  |u http://www.loc.gov/catdir/enhancements/fy0607/80014141-t.html 
859 |a AR-BbSID  |b BIB. PLAPIQUI  |h 621.381  |i St 33  |p 2211